000 01135nam a22002657a 4500
001 BRCA_9194
003 FranzMayer
005 20220809132920.0
008 220707b |||||||| |||| 00| 0 spa d
020 _a9789685546386
040 _bspa
_cMFM
041 _aspa
050 _aJC347.M4
_bS56 2018
245 _aSímbolos Patrios :
_bLa Bandera y el Escudo Nacional /
_ctextos Enrique Florescano y Moisés Guzmán
260 _aCiudad de México:
_bChapa
_c2018
300 _a471 p. :
_bil. y fot. ;
_c25 x 35 cm.
500 _aUbicación: L59-N5
500 _aIncluye imágenes de la Colección Museo Franz Mayer (p. 76, 155, 294)
504 _aBibliografía: p. 462-468
520 _aEn esta obra histórica unificadora de las distintas etapas que forjaron la bandera y escudo nacionales, se enfatiza el papel que jugaron las intervenciones extranjeras y la formación de nuevos baluartes de la soberanía. - Enrique Florescano
651 _aMéxico
_xBandera
_xHistoria
_928432
651 _aMéxico
_xEscudo
_xHistoria
_928433
942 _2lcc
_cB
999 _c10813
_d10813